|
|
|
|
| LEADER |
01072pam a22002658a 4500 |
| 001 |
00044175 |
| 005 |
20190424140424.0 |
| 008 |
110421s1993 ||||||Viesd |
| 020 |
# |
# |
|c 0
|a 978 604 53 9460 1
|
| 041 |
0 |
# |
|a Vie
|
| 082 |
1 |
4 |
|a 398.209 597
|b TH250GI
|
| 100 |
0 |
# |
|a Nguyễn, Thị Dung
|e Nghiên cứu, tìm hiểu
|
| 245 |
0 |
0 |
|a Thế giới nhân vật kỳ ảo trong truyện cổ tích thần kỳ các dân tộc Việt Nam
|c Nguyễn Thị Dung(Nghiên cứu, tìm hiểu)
|n Quyển 1
|
| 260 |
# |
# |
|a Hà Nội
|b Hội Nhà văn
|c 2017
|
| 300 |
# |
# |
|a 410 tr.
|c 21 cm.
|
| 500 |
# |
# |
|a ĐTTS ghi: Hội văn nghệ Dân gian Việt Nam
|
| 653 |
# |
# |
|a Dân tộc thiểu số
|
| 653 |
# |
# |
|a Nhân vật
|
| 653 |
# |
# |
|a Truyện cổ tích
|
| 653 |
# |
# |
|a Việt Nam
|
| 653 |
# |
# |
|a Văn học dân gian
|
| 710 |
# |
# |
|a Hội văn nghệ Dân gian Việt Nam
|
| 852 |
# |
# |
|j KD.0025753
|
| 910 |
# |
# |
|d 24/04/2019
|
| 980 |
# |
# |
|a Trung tâm Học liệu Lê Vũ Hùng, Trường Đại học Đồng Tháp
|